[Event "GER-chT U20"]
[Site "Arendsee"]
[Date "2008.12.29"]
[Round "6.5"]
[White "Gadschisade, Machmud"]
[Black "Busch, Christian"]
[Result "1/2-1/2"]
[WhiteElo "1891"]
[BlackElo "1663"]
[PlyCount "104"]
[EventDate "2008.12.27"]
[EventType "team-swiss"]
[EventRounds "7"]
[EventCountry "GER"]
[SourceTitle "CBM 128 Extra"]
[Source "ChessBase"]
[SourceDate "2009.03.05"]
[SourceVersion "2"]
[SourceVersionDate "2009.03.25"]
[SourceQuality "1"]
[WhiteTeam "Koeln Porz"]
[BlackTeam "Walldorf"]
[WhiteTeamCountry "GER"]
[BlackTeamCountry "GER"]

1. c4 Nf6 2. g3 g6 3. Bg2 Bg7 4. Nc3 0-0 5. Nf3 c5 6. d3 Nc6 7. 0-0 d6 8. Bd2 Bd7 9. a3 a6 10. Rb1 Qc7 11. b4 cxb4 12. axb4 e6 13. b5 Ne7 14. bxa6 bxa6 15. Qc2 Bc6 16. Qa2 Nd7 17. d4 d5 18. Bf4 Qd8 19. Bd6 Re8 20. Bxe7 Rxe7 21. cxd5 exd5 22. Nxd5 Bxd5 23. Qxd5 Rxe2 24. Rb7 Re7 25. Ne5 Bxe5 26. dxe5 Rb8 27. Rd1 Rxb7 28. Qxb7 Qe8 29. Bc6 Nxe5 30. Bxe8 Rxb7 31. Ra1 Ra7 32. Bb5 a5 33. Kg2 f6 34. f4 Nf7 35. g4 Kg7 36. Ra4 Nd6 37. Bd3 g5 38. Rd4 Nf7 39. fxg5 fxg5 40. Bc2 Rc7 41. Bb3 Ra7 42. Kg3 Ne5 43. Rd5 Nf7 44. Rf5 a4 45. Bxf7 Rxf7 46. Rxg5+ Kf6 47. Ra5 h5 48. Ra6+ Kg7 49. g5 a3 50. Rxa3 Kg6 51. Ra5 Rb7 52. Kf4 Rb4+ 1/2-1/2

[Event "NRW-ch U16"]
[Site "Kranenburg"]
[Date "2008.03.27"]
[Round "5"]
[White "Schnelle, Lukas"]
[Black "Gadschisade, Machmud"]
[Result "1-0"]
[WhiteElo "1758"]
[BlackElo "1885"]
[PlyCount "106"]
[EventDate "2008.03.24"]
[EventType "swiss"]
[EventRounds "7"]
[EventCountry "GER"]
[SourceTitle "EXT 2009"]
[Source "ChessBase"]
[SourceDate "2008.11.26"]
[SourceVersion "1"]
[SourceVersionDate "2008.11.26"]
[SourceQuality "1"]

1. e4 c5 2. c3 Nf6 3. e5 Nd5 4. Nf3 Nc6 5. Bc4 Nb6 6. Bb3 e6 7. 0-0 d6 8. d4 dxe5 9. Nxe5 Nxe5 10. dxe5 Qc7 11. Re1 c4 12. Bc2 Bd7 13. Nd2 0-0-0 14. Qf3 Bc6 15. Ne4 Qxe5 16. Qxf7 Bxe4 17. Bf4 Rd7 18. Qe8+ Rd8 19. Bxe5 Rxe8 20. Bxe4 Nd7 21. Bd4 e5 22. Bxa7 b6 23. Bf5 Bc5 24. Red1 Re7 25. Rxd7 Rxd7 26. Rd1 Rhd8 27. Rxd7 Rxd7 28. Bxd7+ Kxd7 29. Bb8 Ke6 30. Kf1 h5 31. Ke2 g5 32. Kf3 b5 33. Ke4 Bxf2 34. Bxe5 Bc5 35. h3 Bb6 36. g4 hxg4 37. hxg4 Ba5 38. Bg7 Bd8 39. Kd4 Bb6+ 40. Ke4 Bc5 41. Bd4 Bd6 42. Be3 Be7 43. Kd4 Kd6 44. Ke4 Ke6 45. a4 bxa4 46. Kd4 Kf6 47. Kxc4 a3 48. bxa3 Bxa3 49. Kd5 Be7 50. Bd4+ Kf7 51. Ke5 Kg6 52. Ke6 Bd8 53. c4 Bc7 1-0

[Event "NRW-ch U16"]
[Site "Kranenburg"]
[Date "2008.03.25"]
[Round "2"]
[White "Gadschisade, Machmud"]
[Black "Mazarov, Juergen"]
[Result "0-1"]
[WhiteElo "1885"]
[BlackElo "2157"]
[PlyCount "71"]
[EventDate "2008.03.24"]
[EventType "swiss"]
[EventRounds "7"]
[EventCountry "GER"]
[SourceTitle "EXT 2009"]
[Source "ChessBase"]
[SourceDate "2008.11.26"]
[SourceVersion "1"]
[SourceVersionDate "2008.11.26"]
[SourceQuality "1"]

1. c4 c5 2. Nc3 b6 3. Nf3 Nf6 4. g3 Bb7 5. Bg2 e6 6. 0-0 Be7 7. d4 cxd4 8. Nb5 a6 9. Nbxd4 0-0 10. b3 Qc7 11. Bb2 d6 12. Rc1 Nbd7 13. Qd2 Rac8 14. Rfd1 Qb8 15. h3 d5 16. cxd5 Bxd5 17. Ng5 Bxg2 18. Kxg2 Qb7+ 19. Kg1 h6 20. Ngf3 Ne4 21. Qe1 Ndf6 22. Ne5 Nd5 23. Rxc8 Rxc8 24. Rc1 Bc5 25. Nd3 Be7 26. Ne5 Bb4 27. Rxc8+ Qxc8 28. Qb1 Ndf6 29. Nec6 Bd6 30. Qc2 Qc7 31. Qd3 e5 32. Nf5 Qxc6 33. Bxe5 Bc5 34. Qd8+ Qe8 35. Bxf6 Nxf6 36. Nxh6+ 0-1

[Event "GER-ch U14"]
[Site "Willingen"]
[Date "2007.05.31"]
[Round "8"]
[White "Schmitt, Philipp"]
[Black "Gadschisade, Machmud"]
[Result "1/2-1/2"]
[WhiteElo "1950"]
[BlackElo "1907"]
[PlyCount "83"]
[EventDate "2007.05.26"]
[EventType "swiss"]
[EventRounds "9"]
[EventCountry "GER"]
[SourceTitle "CBM 118 Extra"]
[Source "ChessBase"]
[SourceDate "2007.07.04"]
[SourceVersion "1"]
[SourceVersionDate "2007.07.04"]
[SourceQuality "1"]

1. Nf3 Nf6 2. g3 g6 3. Bg2 Bg7 4. d4 d6 5. c4 c6 6. 0-0 0-0 7. Nc3 Qa5 8. Qc2 Be6 9. b3 d5 10. cxd5 Nxd5 11. Nxd5 Qxd5 12. Bb2 Na6 13. Rfd1 Rfd8 14. Bc3 Rac8 15. h4 Bf5 16. Qb2 Be4 17. Ne1 Bxg2 18. Nxg2 Nc7 19. a4 Ne6 20. e3 c5 21. dxc5 Bxc3 22. Qxc3 Qxd1+ 23. Rxd1 Rxd1+ 24. Kh2 Rxc5 25. Qb4 Rc2 26. g4 Rxf2 27. Kg3 Rc2 28. Nf4 Rg1+ 29. Kf3 Rf1+ 30. Kg3 Nxf4 31. exf4 Rd1 32. f5 Rd7 33. fxg6 hxg6 34. h5 g5 35. Kf3 Rcd2 36. Qc5 R7d3+ 37. Ke4 Rd4+ 38. Ke3 R4d3+ 39. Ke4 Rd4+ 40. Ke3 R4d3+ 41. Ke4 Rd4+ 42. Ke3 1/2-1/2

[Event "GER-ch U14"]
[Site "Willingen"]
[Date "2007.05.27"]
[Round "2"]
[White "Gadschisade, Machmud"]
[Black "Specht, Christian"]
[Result "1/2-1/2"]
[WhiteElo "1907"]
[BlackElo "1888"]
[PlyCount "41"]
[EventDate "2007.05.26"]
[EventType "swiss"]
[EventRounds "9"]
[EventCountry "GER"]
[SourceTitle "CBM 118 Extra"]
[Source "ChessBase"]
[SourceDate "2007.07.04"]
[SourceVersion "1"]
[SourceVersionDate "2007.07.04"]
[SourceQuality "1"]

1. c4 e5 2. Nc3 Nc6 3. g3 f5 4. Bg2 Nf6 5. e3 g6 6. Nge2 Bg7 7. 0-0 0-0 8. d4 e4 9. Rb1 Ne7 10. b3 d5 11. Ba3 c6 12. cxd5 cxd5 13. Rc1 Bd7 14. Nf4 g5 15. Bxe7 Qxe7 16. Nfxd5 Nxd5 17. Nxd5 Qd6 18. Nc3 g4 19. h4 gxh3 20. Bxh3 Rf6 21. Kg2 1/2-1/2

[Event "GER-ch U14"]
[Site "Willingen"]
[Date "2007.05.26"]
[Round "1"]
[White "Cornish, Alexander"]
[Black "Gadschisade, Machmud"]
[Result "0-1"]
[WhiteElo "1460"]
[BlackElo "1907"]
[PlyCount "66"]
[EventDate "2007.05.26"]
[EventType "swiss"]
[EventRounds "9"]
[EventCountry "GER"]
[SourceTitle "CBM 118 Extra"]
[Source "ChessBase"]
[SourceDate "2007.07.04"]
[SourceVersion "1"]
[SourceVersionDate "2007.07.04"]
[SourceQuality "1"]

1. d4 Nc6 2. c4 e5 3. d5 Nce7 4. Nc3 Ng6 5. g3 Bc5 6. Nf3 d6 7. Bg2 f5 8. b4 Bb6 9. e4 Nf6 10. Bg5 h6 11. Bxf6 Qxf6 12. 0-0 f4 13. Qd3 fxg3 14. hxg3 0-0 15. Na4 Bg4 16. Nxb6 axb6 17. Nh2 Bd7 18. Qb3 h5 19. a4 h4 20. a5 Ra6 21. Qc3 bxa5 22. b5 Raa8 23. Rxa5 Qg5 24. Nf3 Qh5 25. Nxh4 Nxh4 26. gxh4 Qxh4 27. Rxa8 Rxa8 28. Ra1 Rf8 29. Qg3 Qh6 30. Ra7 Qc1+ 31. Bf1 Rf4 32. f3 Qe3+ 33. Qf2 Qb3 0-1

[Event "NRW-ch U14"]
[Site "Kranenburg"]
[Date "2007.04.13"]
[Round "6"]
[White "Kahleys, Kevin"]
[Black "Gadschisade, Machmud"]
[Result "1/2-1/2"]
[WhiteElo "1628"]
[BlackElo "1907"]
[PlyCount "50"]
[EventDate "2007.04.09"]
[EventType "swiss"]
[EventRounds "7"]
[EventCountry "GER"]
[SourceTitle "EXT 2008"]
[Source "ChessBase"]
[SourceDate "2007.11.25"]
[SourceVersion "1"]
[SourceVersionDate "2007.11.25"]
[SourceQuality "1"]

1. d4 Nc6 2. Nf3 d6 3. g3 Nf6 4. Bg2 g6 5. b3 Bg7 6. Bb2 0-0 7. 0-0 e6 8. Nbd2 Nd7 9. c4 Ne7 10. Ne1 f5 11. e3 g5 12. f3 Ng6 13. Nd3 Nf6 14. e4 f4 15. Qe1 Nd7 16. b4 e5 17. d5 h5 18. Nf2 Nf6 19. Nh1 Kf7 20. h3 Rh8 21. g4 hxg4 22. fxg4 Nh4 23. Nf3 Nxg2 24. Kxg2 Ng8 25. Nf2 Bd7 1/2-1/2

[Event "NRW-ch U14"]
[Site "Kranenburg"]
[Date "2007.04.11"]
[Round "4"]
[White "Kotainy, Jens"]
[Black "Gadschisade, Machmud"]
[Result "1/2-1/2"]
[WhiteElo "1905"]
[BlackElo "1907"]
[PlyCount "45"]
[EventDate "2007.04.09"]
[EventType "swiss"]
[EventRounds "7"]
[EventCountry "GER"]
[SourceTitle "EXT 2008"]
[Source "ChessBase"]
[SourceDate "2007.11.25"]
[SourceVersion "1"]
[SourceVersionDate "2007.11.25"]
[SourceQuality "1"]

1. d4 Nc6 2. Nf3 d6 3. g3 Nf6 4. Bg2 Bg4 5. 0-0 e6 6. c4 Be7 7. Nc3 0-0 8. h3 Bh5 9. Bf4 Bxf3 10. Bxf3 Nd7 11. Be4 f5 12. Bg2 g5 13. Bc1 e5 14. dxe5 Ndxe5 15. f4 gxf4 16. Bxf4 Kh8 17. Rb1 Bf6 18. Nd5 Bg7 19. Rc1 Qd7 20. Qd2 Nd4 21. e3 Ne6 22. Rce1 Ng6 23. Nc3 1/2-1/2

[Event "GER-ch U12"]
[Site "Willingen"]
[Date "2005.05.21"]
[Round "11"]
[White "Gadschisade, Machmud"]
[Black "Kusmierek, Kasper Jan"]
[Result "1-0"]
[WhiteElo "1676"]
[BlackElo "1543"]
[PlyCount "105"]
[EventDate "2005.05.14"]
[EventType "swiss"]
[EventRounds "11"]
[EventCountry "GER"]
[SourceTitle "CBM 106 Extra"]
[Source "ChessBase"]
[SourceDate "2005.07.01"]
[SourceVersion "1"]
[SourceVersionDate "2005.07.01"]
[SourceQuality "1"]

1. c4 Nf6 2. Nc3 g6 3. g3 Bg7 4. Bg2 0-0 5. Nf3 d6 6. 0-0 e5 7. d3 h6 8. Bd2 Be6 9. Qb3 b6 10. Qc2 Nc6 11. a3 a5 12. Nb5 Qd7 13. b4 Na7 14. bxa5 Nxb5 15. cxb5 bxa5 16. a4 Bh3 17. Rac1 Rac8 18. Bxa5 Nd5 19. Qc6 Qxc6 20. Rxc6 Bd7 21. Rc2 Nb6 22. Bxb6 cxb6 23. Rfc1 Ra8 24. Rc7 Be6 25. R7c6 Rxa4 26. Rxd6 Rb8 27. Rb1 Ba2 28. Rc1 Ra5 29. d4 Rxb5 30. dxe5 Bxe5 31. Nxe5 Rxe5 32. Rc2 Be6 33. Rb2 b5 34. Rd4 Bc4 35. Rxc4 bxc4 36. Rxb8+ Kg7 37. e3 Rc5 38. Rb2 Kf6 39. Rc2 Ke5 40. Rc3 f5 41. Bf1 Kd5 42. Kg2 g5 43. Kf3 h5 44. h4 gxh4 45. gxh4 Rc6 46. Rxc4 Rxc4 47. Bxc4+ Kxc4 48. Kf4 Kd3 49. Kxf5 Ke2 50. Kg5 Kxf2 51. e4 Kf3 52. e5 Ke4 53. e6 1-0

[Event "GER-ch U12"]
[Site "Willingen"]
[Date "2005.05.20"]
[Round "10"]
[White "Duenzel, Jonas"]
[Black "Gadschisade, Machmud"]
[Result "1-0"]
[WhiteElo "1516"]
[BlackElo "1676"]
[PlyCount "47"]
[EventDate "2005.05.14"]
[EventType "swiss"]
[EventRounds "11"]
[EventCountry "GER"]
[SourceTitle "CBM 106 Extra"]
[Source "ChessBase"]
[SourceDate "2005.07.01"]
[SourceVersion "1"]
[SourceVersionDate "2005.07.01"]
[SourceQuality "1"]

1. e4 Nf6 2. Nc3 d5 3. exd5 Nxd5 4. Bc4 Nb6 5. Bb3 g6 6. Nf3 Bg7 7. 0-0 0-0 8. d3 Nc6 9. Re1 h6 10. Ne4 Kh8 11. Rb1 Nd5 12. Bd2 f5 13. Nc3 Nb6 14. Na4 g5 15. Nxb6 axb6 16. Nxg5 Qe8 17. Ne6 Bxe6 18. Bxe6 Nd4 19. Bb3 Nxb3 20. axb3 e5 21. f4 Qb5 22. fxe5 Bxe5 23. Rxe5 Qxe5 24. Bc3 1-0

[Event "GER-ch U12"]
[Site "Willingen"]
[Date "2005.05.19"]
[Round "9"]
[White "Gadschisade, Machmud"]
[Black "Lingl, Xenia"]
[Result "0-1"]
[WhiteElo "1676"]
[BlackElo "1363"]
[PlyCount "78"]
[EventDate "2005.05.14"]
[EventType "swiss"]
[EventRounds "11"]
[EventCountry "GER"]
[SourceTitle "CBM 106 Extra"]
[Source "ChessBase"]
[SourceDate "2005.07.01"]
[SourceVersion "1"]
[SourceVersionDate "2005.07.01"]
[SourceQuality "1"]

1. c4 e5 2. Nc3 Nf6 3. g3 c6 4. d4 e4 5. Bg5 Bb4 6. Bg2 d5 7. cxd5 cxd5 8. a3 Bxc3+ 9. bxc3 h6 10. Bxf6 Qxf6 11. c4 Be6 12. cxd5 Bxd5 13. e3 0-0 14. Ne2 Re8 15. Nc3 Bc6 16. Rc1 Qf5 17. d5 Bd7 18. Qd4 Qg4 19. h3 Qg6 20. Bxe4 Qa6 21. Qb4 Rc8 22. h4 Ba4 23. Rb1 Be8 24. a4 Nd7 25. Nb5 Ne5 26. Nd6 Rc7 27. f4 Nd3+ 28. Bxd3 Qxd3 29. Rb3 Rc1+ 30. Kf2 Qc2+ 31. Kf3 Rxh1 32. Qxb7 Rd8 33. Qe7 Rf1+ 34. Kg4 Qe2+ 35. Kf5 Qh5+ 36. Ke4 Qf3+ 37. Kd3 Rd1+ 38. Kc3 Qxd5 39. Qxd8 Rd3+ 0-1

[Event "GER-ch U12"]
[Site "Willingen"]
[Date "2005.05.18"]
[Round "7"]
[White "Gadschisade, Machmud"]
[Black "Friedrich, Wiede"]
[Result "1/2-1/2"]
[WhiteElo "1676"]
[BlackElo "1739"]
[PlyCount "39"]
[EventDate "2005.05.14"]
[EventType "swiss"]
[EventRounds "11"]
[EventCountry "GER"]
[SourceTitle "CBM 106 Extra"]
[Source "ChessBase"]
[SourceDate "2005.07.01"]
[SourceVersion "1"]
[SourceVersionDate "2005.07.01"]
[SourceQuality "1"]

1. e4 c5 2. Nc3 Nc6 3. g3 g6 4. Bg2 Bg7 5. d3 d6 6. f4 e6 7. Nf3 Nge7 8. Be3 0-0 9. 0-0 b6 10. Re1 d5 11. exd5 exd5 12. Bf2 d4 13. Ne4 Nd5 14. Nfd2 f5 15. Ng5 Rb8 16. Nc4 b5 17. Ne6 Bxe6 18. Rxe6 Rf6 19. Rxf6 Bxf6 20. Nd2 1/2-1/2

[Event "GER-ch U12"]
[Site "Willingen"]
[Date "2005.05.17"]
[Round "6"]
[White "Sancar, Kenan"]
[Black "Gadschisade, Machmud"]
[Result "0-1"]
[WhiteElo "1517"]
[BlackElo "1676"]
[PlyCount "60"]
[EventDate "2005.05.14"]
[EventType "swiss"]
[EventRounds "11"]
[EventCountry "GER"]
[SourceTitle "CBM 106 Extra"]
[Source "ChessBase"]
[SourceDate "2005.07.01"]
[SourceVersion "1"]
[SourceVersionDate "2005.07.01"]
[SourceQuality "1"]

1. e4 c6 2. d4 d5 3. f3 dxe4 4. fxe4 e5 5. Nf3 exd4 6. Qxd4 Qxd4 7. Nxd4 Nf6 8. Bd3 Bc5 9. c3 0-0 10. Bg5 Nxe4 11. Bxe4 Re8 12. Nd2 f5 13. N4b3 Bb6 14. 0-0-0 fxe4 15. Rhe1 Bg4 16. Nxe4 Bxd1 17. Nf6+ gxf6 18. Rxe8+ Kf7 19. Rh8 Bxb3 20. Bf4 Bxa2 21. Rxb8 Rxb8 22. Bxb8 Bd5 23. g3 a6 24. Bf4 Ke6 25. Kd2 Kf5 26. Ke2 Kg4 27. h4 Bc4+ 28. Ke1 Kf3 29. b4 Bf2+ 30. Kd2 Bxg3 0-1

[Event "GER-chT U12"]
[Site "Verden"]
[Date "2004.12.30"]
[Round "7.1"]
[White "Gadschisade, Machmud"]
[Black "Quaschner, Tobias"]
[Result "0-1"]
[WhiteElo "1648"]
[BlackElo "1491"]
[PlyCount "79"]
[EventDate "2004.12.27"]
[EventType "team-swiss"]
[EventRounds "7"]
[EventCountry "GER"]
[SourceTitle "EXT 2006"]
[Source "ChessBase"]
[SourceDate "2005.11.24"]
[SourceVersion "1"]
[SourceVersionDate "2005.11.24"]
[SourceQuality "1"]

1. e4 g6 2. d4 Bg7 3. g3 d6 4. Bg2 e5 5. d5 Nf6 6. Nf3 Nxe4 7. Nxe5 Nxf2 8. Nxf7 Nxd1 9. Nxd8 Nxb2 10. Ne6 Bxe6 11. dxe6 Nc6 12. c3 Nd3+ 13. Kd2 Nxc1 14. Kxc1 0-0 15. Rf1 Rxf1+ 16. Bxf1 Ne7 17. Kc2 Nd5 18. Bc4 Ne3+ 19. Kd3 Nxc4 20. Kxc4 Re8 21. Kd5 Be5 22. a4 c6+ 23. Kc4 Rxe6 24. Ra2 Rf6 25. Rb2 b6 26. Re2 Kf7 27. Nd2 Ke6 28. Kd3 d5 29. Re3 Kd6 30. Nf3 Re6 31. Ng5 Re7 32. Rf3 Kd7 33. Nh3 Ke8 34. Re3 Bd6 35. Rf3 Bc5 36. Nf4 Rf7 37. Rf1 g5 38. Re1+ Kd7 39. Ne6 h6 40. c4 0-1

[Event "GER-chT U12"]
[Site "Verden"]
[Date "2004.12.29"]
[Round "6.1"]
[White "Sancar, Kenan"]
[Black "Gadschisade, Machmud"]
[Result "0-1"]
[WhiteElo "1408"]
[BlackElo "1648"]
[PlyCount "125"]
[EventDate "2004.12.27"]
[EventType "team-swiss"]
[EventRounds "7"]
[EventCountry "GER"]
[SourceTitle "EXT 2006"]
[Source "ChessBase"]
[SourceDate "2005.11.24"]
[SourceVersion "1"]
[SourceVersionDate "2005.11.24"]
[SourceQuality "1"]

1. e4 e5 2. Nf3 Nc6 3. Bb5 Bc5 4. c3 Nge7 5. d4 exd4 6. cxd4 Bb4+ 7. Nc3 d5 8. e5 Bg4 9. 0-0 0-0 10. Be3 a6 11. Bd3 Qd7 12. h3 Bh5 13. Be2 Nd8 14. Nh4 Bxe2 15. Qxe2 Ng6 16. Nf3 Ne6 17. Rac1 b6 18. a3 Be7 19. Rfd1 Rfd8 20. Qd2 f6 21. Qc2 Qc8 22. Qb3 Qb7 23. Rc2 Rd7 24. Na4 b5 25. Nc3 Kh8 26. Re2 Rad8 27. Bc1 Nef4 28. Bxf4 Nxf4 29. Re3 Qb6 30. Ne2 Nxe2+ 31. Rxe2 c5 32. dxc5 Bxc5 33. e6 Re7 34. Rxd5 Rde8 35. Qc3 Rc8 36. Qd3 Rxe6 37. Rxe6 Qxe6 38. Rd8+ Rxd8 39. Qxd8+ Qg8 40. Qxg8+ Kxg8 41. Kf1 Kf7 42. Ke2 Ke6 43. Nd2 Bd4 44. b3 Kd5 45. f3 Bc3 46. Ne4 Bb2 47. a4 bxa4 48. bxa4 Kc4 49. Nd6+ Kb4 50. Nf5 g6 51. Ne7 Kxa4 52. Kd3 Kb5 53. Nd5 a5 54. Nc3+ Bxc3 55. Kxc3 a4 56. g4 g5 57. Kd4 a3 58. Kc3 a2 59. Kb2 Kc4 60. Kxa2 Kd3 61. Kb2 Ke3 62. Kc3 Kxf3 63. Kd3 0-1

[Event "GER-ch U12"]
[Site "Willingen"]
[Date "2004.06.02"]
[Round "8"]
[White "Gadschisade, Machmud"]
[Black "Kachibadze, Georg"]
[Result "1/2-1/2"]
[WhiteElo "1605"]
[BlackElo "1865"]
[PlyCount "45"]
[EventDate "2004.06.??"]
[EventType "swiss"]
[EventRounds "11"]
[EventCountry "GER"]
[SourceTitle "EXT 2005"]
[Source "ChessBase"]
[SourceDate "2004.11.15"]
[SourceVersion "1"]
[SourceVersionDate "2004.11.15"]
[SourceQuality "1"]

1. e4 c5 2. Nf3 Nc6 3. d3 g6 4. g3 Bg7 5. Bg2 e6 6. Nbd2 Nge7 7. 0-0 0-0 8. Re1 d6 9. h4 Rb8 10. Nf1 d5 11. e5 Qc7 12. Bf4 b5 13. N1h2 h5 14. Qd2 Nd8 15. g4 Bb7 16. Bh6 hxg4 17. Nxg4 Nf5 18. Bxg7 Kxg7 19. Qg5 Qe7 20. Nf6 Rh8 21. h5 d4 22. hxg6 fxg6 23. Ne4 1/2-1/2

[Event "GER-ch U12"]
[Site "Willingen"]
[Date "2004.06.02"]
[Round "7"]
[White "Mazarov, Juergen"]
[Black "Gadschisade, Machmud"]
[Result "1/2-1/2"]
[WhiteElo "1743"]
[BlackElo "1605"]
[PlyCount "105"]
[EventDate "2004.06.??"]
[EventType "swiss"]
[EventRounds "11"]
[EventCountry "GER"]
[SourceTitle "EXT 2005"]
[Source "ChessBase"]
[SourceDate "2004.11.15"]
[SourceVersion "1"]
[SourceVersionDate "2004.11.15"]
[SourceQuality "1"]

1. e4 c6 2. d4 d5 3. Nc3 dxe4 4. Nxe4 Nf6 5. Nxf6+ exf6 6. Be3 Bf5 7. Bd3 Bxd3 8. Qxd3 Bd6 9. Ne2 Nd7 10. 0-0 Qc7 11. h3 0-0-0 12. Rab1 h5 13. b4 g6 14. b5 c5 15. dxc5 Bxc5 16. Bxc5 Qxc5 17. Nc3 Ne5 18. Qe3 Qxe3 19. fxe3 f5 20. e4 fxe4 21. Nxe4 f5 22. Ng5 Rd2 23. Rfe1 Nc4 24. Nf3 Rd5 25. Rb4 Nd6 26. c4 Rc5 27. Nd2 Rd8 28. Nb3 Rc7 29. c5 Ne4 30. Rc1 g5 31. g4 Ng3 32. Kf2 f4 33. Nd4 hxg4 34. hxg4 Rcd7 35. Nf3 Re8 36. Rb2 Ne4+ 37. Kg2 Rc7 38. Rbc2 Nf6 39. Nxg5 Nxg4 40. Kf3 Ne5+ 41. Ke4 f3 42. Nxf3 Nxf3+ 43. Kxf3 Rf7+ 44. Kg2 Rg8+ 45. Kh1 Rh7+ 46. Rh2 Rxh2+ 47. Kxh2 Kc7 48. Kh3 a6 49. a4 Rg5 50. Kh4 Rd5 51. Rc4 axb5 52. axb5 b6 53. cxb6+ 1/2-1/2

[Event "GER-ch U12"]
[Site "Willingen"]
[Date "2004.05.31"]
[Round "4"]
[White "Heimann, Andreas"]
[Black "Gadschisade, Machmud"]
[Result "1-0"]
[WhiteElo "1808"]
[BlackElo "1605"]
[PlyCount "89"]
[EventDate "2004.06.??"]
[EventType "swiss"]
[EventRounds "11"]
[EventCountry "GER"]
[SourceTitle "EXT 2005"]
[Source "ChessBase"]
[SourceDate "2004.11.15"]
[SourceVersion "1"]
[SourceVersionDate "2004.11.15"]
[SourceQuality "1"]

1. e4 c6 2. d4 d5 3. e5 Bf5 4. h4 h5 5. c4 e6 6. Nc3 Bb4 7. Qb3 Qb6 8. c5 Bxc3+ 9. Qxc3 Qc7 10. Ne2 Nd7 11. Ng3 Bg6 12. Bd3 Bxd3 13. Qxd3 Nf8 14. Bg5 Nh7 15. Nxh5 g6 16. Ng3 Nxg5 17. hxg5 Rxh1+ 18. Nxh1 Ne7 19. f4 Nf5 20. g4 Qa5+ 21. Qc3 Qxc3+ 22. bxc3 Ne3 23. Ke2 Nc4 24. Ng3 Ke7 25. Rh1 Rg8 26. Nf1 Kf8 27. Rh7 Ke7 28. Nd2 Nxd2 29. Kxd2 Kf8 30. Kd3 Rg7 31. Rh1 b5 32. a4 a6 33. axb5 axb5 34. Ra1 Ke7 35. Ra7+ Kd8 36. Kc2 Kc8 37. Kb3 Kb8 38. Re7 Kc8 39. Kb4 Kd8 40. Ra7 Kc8 41. Ka5 Kb8 42. Kb6 Rh7 43. Re7 Kc8 44. Kxc6 Kd8 45. Kd6 1-0

[Event "GER-ch U10"]
[Site "Willingen"]
[Date "2003.06.13"]
[Round "10"]
[White "Wilke, Friedrich"]
[Black "Gadschisade, Machmud"]
[Result "0-1"]
[WhiteElo "1340"]
[BlackElo "1428"]
[PlyCount "124"]
[EventDate "2003.06.08"]
[EventType "swiss"]
[EventRounds "11"]
[EventCountry "GER"]
[SourceTitle "CBM 094 Extra"]
[Source "ChessBase"]
[SourceDate "2003.07.09"]
[SourceVersion "2"]
[SourceVersionDate "2003.07.09"]
[SourceQuality "1"]

1. d4 Nf6 2. Nf3 g6 3. g3 Bg7 4. Bg2 0-0 5. 0-0 d6 6. b3 Nbd7 7. Bb2 Re8 8. c4 Nh5 9. Nbd2 e5 10. Rc1 exd4 11. Nxd4 c5 12. Nc6 bxc6 13. Bxg7 Kxg7 14. Bxc6 Rb8 15. Ne4 Qc7 16. Bd5 Nhf6 17. Nc3 a6 18. Qd2 Nb6 19. Qb2 Kg8 20. Bf3 Bb7 21. Bxb7 Qxb7 22. Rcd1 Re6 23. Rd3 Nxc4 24. Qc1 Ne5 25. Rd2 Ne4 26. Nxe4 Qxe4 27. Rfd1 Rb6 28. Qc3 Qb4 29. Qc2 c4 30. Rd4 Qc5 31. bxc4 Rb4 32. Rd5 Qxc4 33. Qd2 Rb5 34. Rxd6 Rxd6 35. Qxd6 Qxe2 36. Qd8+ Kg7 37. a4 Rb2 38. Qd4 Rb4 39. Qa1 Qb2 40. Qxb2 Rxb2 41. Rd6 a5 42. Rd5 Nc4 43. Rc5 Rb4 44. Kf1 Rxa4 45. Ke2 Rb4 46. Kd3 Nb2+ 47. Kd2 a4 48. Rc3 a3 49. Kc2 Rc4 50. Rxc4 Nxc4 51. Kb3 Kf6 52. f4 g5 53. fxg5+ Kxg5 54. h3 h5 55. Ka2 h4 56. g4 Kf4 57. Kb3 Kg3 58. g5 Kxh3 59. Ka2 Kg3 60. Kb3 h3 61. Ka2 h2 62. Kb3 h1Q 0-1

[Event "GER-ch U10"]
[Site "Willingen"]
[Date "2003.06.12"]
[Round "9"]
[White "Gadschisade, Machmud"]
[Black "Grimm, Pascal"]
[Result "1-0"]
[WhiteElo "1428"]
[BlackElo "1246"]
[PlyCount "105"]
[EventDate "2003.06.08"]
[EventType "swiss"]
[EventRounds "11"]
[EventCountry "GER"]
[SourceTitle "CBM 094 Extra"]
[Source "ChessBase"]
[SourceDate "2003.07.09"]
[SourceVersion "2"]
[SourceVersionDate "2003.07.09"]
[SourceQuality "1"]

1. e4 c5 2. Ne2 Nc6 3. g3 g6 4. Bg2 Bg7 5. 0-0 Nf6 6. Nbc3 d6 7. d3 0-0 8. Be3 a6 9. Qd2 Bd7 10. Bh6 Qc8 11. Bxg7 Kxg7 12. Rfe1 Bh3 13. Bh1 b5 14. Nf4 Bd7 15. Ncd5 Nxd5 16. Nxd5 Qd8 17. f4 Na7 18. f5 Nc8 19. Rf1 Nb6 20. Nxe7 f6 21. e5 Qxe7 22. Bxa8 Rxa8 23. fxg6 dxe5 24. gxh7 Kxh7 25. Qf2 Rf8 26. b4 Na4 27. bxc5 Qxc5 28. Qxc5 Nxc5 29. Rae1 Kg7 30. Rf2 Be6 31. a3 Bh3 32. Re3 Rf7 33. g4 Bxg4 34. Rg2 f5 35. h3 Re7 36. hxg4 f4 37. Re1 Kf6 38. g5+ Kf5 39. d4 Nd7 40. dxe5 Nxe5 41. Kf2 Rc7 42. Kf1 Nf3 43. Rd1 Rg7 44. g6 Nh4 45. Rg1 Rxg6 46. Rxg6 Nxg6 47. Rd6 Ne5 48. Rxa6 Nc4 49. Kf2 Ke4 50. a4 Na3 51. axb5 Nxb5 52. Ra4+ Kd5 53. c4+ 1-0

[Event "GER-ch U10"]
[Site "Willingen"]
[Date "2003.06.11"]
[Round "7"]
[White "Gadschisade, Machmud"]
[Black "Rafayevych, Vilen"]
[Result "1-0"]
[WhiteElo "1428"]
[BlackElo "1301"]
[PlyCount "65"]
[EventDate "2003.06.08"]
[EventType "swiss"]
[EventRounds "11"]
[EventCountry "GER"]
[SourceTitle "CBM 094 Extra"]
[Source "ChessBase"]
[SourceDate "2003.07.09"]
[SourceVersion "2"]
[SourceVersionDate "2003.07.09"]
[SourceQuality "1"]

1. e4 d5 2. exd5 Qxd5 3. Nc3 Qa5 4. Nf3 Nf6 5. Be2 Bg4 6. h3 Bh5 7. b4 Qb6 8. 0-0 e6 9. Rb1 Bd6 10. a4 0-0 11. a5 Qc6 12. Bb5 Bxf3 13. gxf3 Bh2+ 14. Kxh2 Qd6+ 15. Kg2 c6 16. Bc4 b6 17. axb6 axb6 18. Ne4 Qe5 19. Bb2 Qf5 20. Nxf6+ gxf6 21. Rg1 Kh8 22. Bd3 Rg8+ 23. Kh2 Qf4+ 24. Rg3 Nd7 25. Kg2 e5 26. Be4 Rxg3+ 27. fxg3 Rg8 28. Qe1 h5 29. Kh2 Qg5 30. Qf2 Nf8 31. Rg1 Ne6 32. Qe3 Qg7 33. Bxc6 1-0